[Event "Hastings Challengers 9394"]
[Site "Hastings"]
[Date "1993.12.??"]
[Round "?"]
[White "Webster, Andrew"]
[Black "Janovsky, Sergey"]
[Result "1-0"]
[WhiteElo "2330"]
[BlackElo "2435"]
[PlyCount "86"]
[EventDate "1993.12.??"]
[EventType "swiss"]
[EventRounds "10"]
[EventCountry "ENG"]
[SourceTitle "EXT 2023"]
[Source "ChessBase"]
[SourceDate "2022.10.05"]
[SourceVersion "1"]
[SourceVersionDate "2022.10.05"]
[SourceQuality "1"]

1. c4 e5 2. g3 Nf6 3. Bg2 d5 4. cxd5 Nxd5 5. Nf3 Nc6 6. 0-0 Be7 7. Nc3 Nb6 8. a3 0-0 9. b4 Be6 10. Rb1 f6 11. d3 Nd4 12. Nd2 Nd5 13. Bb2 Nxc3 14. Bxc3 c6 15. a4 Qd7 16. b5 c5 17. Nc4 Rad8 18. Na5 Rb8 19. e3 Nf5 20. Qe2 Kh8 21. Rfd1 Nd6 22. d4 cxd4 23. exd4 e4 24. d5 Bg4 25. f3 exf3 26. Bxf3 Bxf3 27. Qxf3 Bd8 28. Nb3 Rc8 29. Nd4 Bb6 30. Kh1 Bxd4 31. Bxd4 b6 32. Rbc1 Rxc1 33. Rxc1 Re8 34. Rc6 Ne4 35. d6 Nxd6 36. Qd5 Rd8 37. a5 Qe7 38. axb6 Nxb5 39. Re6 Rxd5 40. Rxe7 h5 41. Re8+ Kh7 42. b7 Nxd4 43. b8Q Kh6 1-0

[Event "Werfen op-A"]
[Site "Werfen"]
[Date "1993.??.??"]
[Round "6"]
[White "Assmann, Thomas"]
[Black "Janovsky, Sergey"]
[Result "0-1"]
[WhiteElo "2355"]
[BlackElo "2445"]
[PlyCount "118"]
[EventDate "1993.08.??"]
[EventType "swiss"]
[EventRounds "9"]
[EventCountry "AUT"]
[SourceTitle "EXT 1997"]
[Source "ChessBase"]
[SourceDate "1996.11.15"]
[SourceVersion "1"]
[SourceVersionDate "1996.11.15"]
[SourceQuality "1"]

1. d4 d5 2. Nf3 Nf6 3. c4 c6 4. Qb3 dxc4 5. Qxc4 Bf5 6. g3 e6 7. Bg2 Be7 8. 0-0 Nbd7 9. Nc3 0-0 10. e3 Ne4 11. Bd2 Nxd2 12. Nxd2 e5 13. d5 Nb6 14. Qb3 cxd5 15. Nxd5 Nxd5 16. Bxd5 Rc8 17. Rfc1 b6 18. Ne4 Kh8 19. Nc3 Bg6 20. Nb5 a5 21. Rxc8 Qxc8 22. Nc3 Qc7 23. a3 f5 24. Be6 Bd8 25. Rd1 f4 26. Rd7 fxe3 27. f3 Qc5 28. Kg2 Bh5 29. g4 Bg6 30. Qd5 Be7 31. Qb7 Bh4 32. Rd5 e2 33. Rxc5 e1Q 34. Rc8 Qf2+ 35. Kh3 Bd8 36. Bf5 Bxf5 37. gxf5 h5 38. f6 Qf1+ 39. Kg3 h4+ 40. Kg4 Qg2+ 41. Kf5 Rxf6+ 42. Kxe5 Qxh2+ 43. Kd4 Qd2+ 44. Kc4 Rf8 45. Nd5 Qe2+ 46. Kb3 Qxf3+ 47. Ka2 a4 48. Rc3 Qf1 49. Qd7 b5 50. Rc8 Kh7 51. Qg4 Qd3 52. Qh5+ Kg8 53. Nc3 Qd7 54. Rc5 Qf7+ 55. Qxf7+ Rxf7 56. Rxb5 g5 57. Rb8 Rf8 58. b3 h3 59. Ne4 h2 0-1

[Event "Werfen op-A"]
[Site "Werfen"]
[Date "1993.??.??"]
[Round "8"]
[White "Janovsky, Sergey"]
[Black "Claesen, Pieter"]
[Result "1-0"]
[WhiteElo "2445"]
[BlackElo "2240"]
[PlyCount "75"]
[EventDate "1993.08.??"]
[EventType "swiss"]
[EventRounds "9"]
[EventCountry "AUT"]
[SourceTitle "EXT 1997"]
[Source "ChessBase"]
[SourceDate "1996.11.15"]
[SourceVersion "1"]
[SourceVersionDate "1996.11.15"]
[SourceQuality "1"]

1. e4 e6 2. d4 d5 3. Nc3 Bb4 4. exd5 exd5 5. Bd3 Nc6 6. a3 Bxc3+ 7. bxc3 Qf6 8. Qh5 Nge7 9. Rb1 b6 10. Bg5 Qe6+ 11. Ne2 Qg4 12. Qxg4 Bxg4 13. Bf4 Kd7 14. Ng3 Na5 15. f3 Be6 16. Nh5 Rhg8 17. g4 h6 18. Kf2 Rae8 19. Rhe1 Nc8 20. Re2 Nd6 21. Be5 f6 22. Bxd6 Kxd6 23. Bh7 Rgf8 24. Nxg7 Re7 25. Bf5 Bg8 26. Rxe7 Kxe7 27. Re1+ Kd8 28. Bd3 Bf7 29. h4 Nb7 30. Nf5 Rh8 31. h5 Nd6 32. Nxd6 cxd6 33. Kg3 Rg8 34. Kf4 Rg5 35. Bf5 Rg7 36. Be6 Be8 37. Kf5 Rc7 38. Re3 1-0

[Event "Hastings Challengers 9394"]
[Site "Hastings"]
[Date "1993.??.??"]
[Round "?"]
[White "Krasenkow, Michal"]
[Black "Janovsky, Sergey"]
[Result "1-0"]
[WhiteElo "2560"]
[BlackElo "2455"]
[PlyCount "67"]
[EventDate "1993.12.??"]
[EventType "swiss"]
[EventRounds "10"]
[EventCountry "ENG"]
[SourceTitle "EXT 1998"]
[Source "ChessBase"]
[SourceDate "1997.11.17"]
[SourceVersion "1"]
[SourceVersionDate "1997.11.17"]
[SourceQuality "1"]

1. d4 d5 2. c4 c6 3. Nc3 e5 4. dxe5 d4 5. Ne4 Qa5+ 6. Bd2 Qxe5 7. Ng3 Nf6 8. Nf3 Qd6 9. Qc2 Be7 10. 0-0-0 0-0 11. e3 dxe3 12. Bc3 Qc7 13. fxe3 Na6 14. a3 Nc5 15. b4 Ncd7 16. Nf5 Re8 17. c5 b5 18. g4 Bf8 19. Rg1 Nd5 20. Nh6+ gxh6 21. g5 Ne5 22. Nxe5 Rxe5 23. gxh6+ Kh8 24. Rxd5 cxd5 25. Qg2 Bg4 26. Qxg4 Bxh6 27. Qh3 Bg7 28. Rxg7 Kxg7 29. Qg3+ Kf6 30. Qf4+ Ke6 31. Bh3+ f5 32. Bxf5+ Rxf5 33. Qxc7 Raf8 34. Kc2 1-0

[Event "Dortmund op-A"]
[Site "Dortmund"]
[Date "1993.??.??"]
[Round "1"]
[White "Nickl, Klaus"]
[Black "Janovsky, Sergey"]
[Result "1/2-1/2"]
[WhiteElo "2225"]
[BlackElo "2455"]
[PlyCount "129"]
[EventDate "1993.04.??"]
[EventType "swiss"]
[EventRounds "11"]
[EventCountry "GER"]
[SourceTitle "TD"]
[Source "ChessBase"]
[SourceDate "1994.03.01"]
[SourceVersion "1"]
[SourceVersionDate "1994.03.01"]
[SourceQuality "1"]

1. d4 Nf6 2. c4 c5 3. e3 e6 4. Nc3 d5 5. Nf3 a6 6. cxd5 exd5 7. Be2 Nc6 8. 0-0 Bd6 9. dxc5 Bxc5 10. b3 0-0 11. Bb2 Ba7 12. Rc1 Re8 13. Na4 Ne4 14. Nd4 Qd6 15. Bg4 Bxg4 16. Qxg4 Nxd4 17. Bxd4 Bxd4 18. exd4 g6 19. f3 Nf6 20. Qg5 Kg7 21. Qd2 Ng8 22. Nc5 b6 23. Nd3 Ne7 24. Qf4 Qxf4 25. Nxf4 g5 26. Nh5+ Kg6 27. g4 Rac8 28. f4 gxf4 29. h4 f3 30. Rxc8 Rxc8 31. Rxf3 f5 32. Nf4+ Kf7 33. Nd3 Ke6 34. g5 Rc2 35. Rf2 Rc3 36. Nf4+ Kf7 37. h5 Rg3+ 38. Rg2 Rf3 39. g6+ hxg6 40. hxg6+ Kg7 41. Nh5+ Kh6 42. Nf6 Nxg6 43. Nxd5 b5 44. Nc7 Rd3 45. Ne6 Rd1+ 46. Kf2 Ne7 47. Nf4 Rd2+ 48. Kf3 Rxg2 49. Kxg2 a5 50. d5 Kg7 51. d6 Nc6 52. Nd5 Kf7 53. Nc7 b4 54. Kg3 Kf6 55. Kf4 Nd4 56. Nd5+ Ke6 57. Nb6 Kxd6 58. Nc4+ Ke6 59. Nxa5 Ne2+ 60. Kf3 Nc3 61. Kf4 Nxa2 62. Nc6 Kf6 63. Nd4 Nc1 64. Nxf5 Nxb3 65. Ne3 1/2-1/2